| 000 | 01094nam a22002655i 4500 | ||
|---|---|---|---|
| 001 | 10915 | ||
| 003 | ES-MaACL | ||
| 005 | 20250809180754.0 | ||
| 007 | t| | ||
| 008 | 940913s1992 sp ||||0| spa j | ||
| 020 | _a84-7960-010-1 | ||
| 040 |
_aM-BN _bspa _cM-BN |
||
| 080 | _a904(727.4 Palenque)"17" | ||
| 245 | 0 | 0 |
_aPolítica investigadora de la época de Carlos III en el área maya _b: descubrimiento de Palenque y primeras excavaciones de carácter científico según documentación de: Calderón, Bernasconi, Del Río y otros / _cedición comentada de Paz Cabello Carro. |
| 250 | _a1ª ed. | ||
| 260 |
_aMadrid : _bEdiciones de la Torre, _c1992. |
||
| 300 |
_a158 p., [48] p. de lám ; _c22 cm. |
||
| 490 | 1 |
_aColección Nuestro mundo ; _v21. _aSerie Arte y Cultura |
|
| 650 | 1 | 4 |
_aExcavaciones arqueológicas- _zPalenque _912643 |
| 651 | 4 |
_aPalenque- _xRestos arqueológicos. _99193 |
|
| 700 | 1 |
_aCabello Carro, Paz. _933173 |
|
| 830 | 0 |
_aColección Nuestro mundo ; _v21. _aSerie Arte y Cultura _9179234 |
|
| 852 |
_aES-MaACL _jL-18233 _bR.121911 |
||
| 999 |
_c10915 _d10915 |
||